000 00493nam a22001457a 4500
082 _a621.39
100 _aMalik, Muhammad Mohsin
245 _aPreprocessing and Noise Removal from Optical Coherence Tomography /
_cMuhammad Mohsin Malik
260 _aIslamabad :
_bCEME - NUST,
_c2016.
300 _a48 p. ;
_c30cm.
650 _aComputer Engineering-MS-Thesis
_916083
700 _aDr. Muhammad Usman Akram
_916084
942 _2ddc
_cTHE
999 _c536489
_d536489